00892nam a22002537a 45000010005000000030006000050050017000110080041000280200018000690400029000870500015001160820012001311000027001432450062001702500041002322600028002733000023003015050007003245200220003315210018005515210018005696500027005876500024006147064FISKH20250619153056.0250619b cb ||||| |||| 00| 0 eng d a9780340944950 aFISKHbengcFISKHdFISKH aPZ7.A448 S a823.914 aAlmond, Davidd(1951-) aSkellig :bWinner of the carnegie medal /cDavid Almond / aThis edition first published in 2013 aLondon :bHodder,c1998 a170 pages :c20 cm aJ  aUnhappy about his baby sister's illness and the chaos of moving into a dilapidated old house, Michael retreats to the garage and finds a mysterious stranger who is something like a bird and something like an angel. 8 a490 bLexile 8 aJ bRaz-Plus  2AngelaMagical realism 2FantasyaFriendship